El dolor lumbosacro / (Record no. 57639)

MARC details
000 -LEADER
campo de control de longitud fija 00612nam a2200193 i 4500
001 - NÚMERO DE CONTROL
campo de control 57639
003 - IDENTIFICADOR DE NÚMERO DE CONTROL
campo de control ES-MaACL
005 - FECHA Y HORA DE LA ÚLTIMA TRANSACCIÓN
campo de control 20250727090159.0
007 - CAMPO FIJO DE DESCRIPCIÓN FÍSICA--INFORMACIÓN GENERAL
campo de control de longitud fija t|
008 - DATOS DE LONGITUD FIJA--INFORMACIÓN GENERAL
campo de control de longitud fija 031017s1959 sp ||||1| spa d
245 03 - MENCIÓN DEL TÍTULO
Título El dolor lumbosacro /
Mención de responsabilidad, etc. por P. Barceló ... [et al.].
260 ## - PUBLICACIÓN, DISTRIBUCIÓN, ETC.
Lugar de publicación, distribución, etc. Barcelona :
Nombre del editor, distribuidor, etc. [s.n.,
Fecha de publicación, distribución, etc. 1959]
300 ## - DESCRIPCIÓN FÍSICA
Extensión 77 h. ;
Dimensiones 24 cm.
490 1# - MENCIÓN DE SERIE
Mención de serie Monografías de la revista española de reumatismo ;
Designación de volumen o secuencia 8 ; 4
700 1# - ENTRADA AGREGADA--NOMBRE PERSONAL
Nombre de persona Barceló, P.
9 (RLIN) 25511
830 00 - PUNTO DE ACCESO ADICIONAL DE SERIE-TÍTULO UNIFORME
Título uniforme Monografías de la Revista española de reumatismo
Designación de volumen o secuencia 8 ; 4
9 (RLIN) 182756
852 ## - LOCALIZACIÓN
Ubicación ES-MaACL
Número de control de estantería C-18232
Sublocalización o colección R.46236
Holdings
Estatus retirado Estado de pérdida Estado de daño No para préstamo Biblioteca de origen Biblioteca actual Ubicación en estantería Fecha de adquisición Fuente de adquisición Total de préstamos Signatura topográfica completa Código de barras Visto por última vez Precio de reemplazo Tipo de ítem Koha
        Biblioteca del Ateneo de Madrid Biblioteca del Ateneo de Madrid Galería 17/01/2008     C-18232 1060507 23/02/2023 23/02/2023 Libro impreso